000 00943 a2200193 4500
003 Nust
005 20221024101556.0
020 _a8173194289
040 _cNust
082 _a621.3,DUB
100 _aDubey, Gopal K.
_9101181
245 _aFundamentals of electrical drives /
_cGopal K. Dubey
250 _a2nd ed
260 _a2001
_bNarosa
_cNew Delhi
300 _a392 p.
505 _aElectrical Drives – An Introduction (Page-1), Dynamic of Electrical Drives (Page-11), Control of Electrical Drives (Page-32), Selection of Motor Power Rating (Page-44), DC Motor Drives (Page-60), Induction Motor Drives (Page-140), Stepper Motor and Switched Reluctance Motor Drives (Page-280), Solar and Battery Powered Drives (Page-297), Traction Drives (Page-305), Energy Conservation in Electrical Drives (Page-355), Electrical Drive System and Components (Page-365).
650 _aFundamental of electrical drives
_9101182
942 _2ddc
_cBK
999 _c180283
_d180283